Statystyki dla Trenerzy na Euro 2016

Kliknij tutaj aby rozwiązać quiz!

Ogólne statystyki

  • Ten quiz został rozwiązany 31 razy
  • Średni wynik to 8 z 24

Statystyki odpowiedzi

ReprezentacjaTrener% Poprawnych
PolskaAdam Nawałka
100%
NiemcyJoachim Löw
94%
PortugaliaFernando Santos
87%
FrancjaDidier Deschamps
81%
HiszpaniaVicente del Bosque
65%
WłochyAntonio Conte
48%
SzwajcariaVladimir Petković
45%
AngliaRoy Hodgson
42%
BelgiaMarc Wilmots
29%
WaliaChris Coleman
19%
TurcjaFatih Terim
19%
AlbaniaGianni De Biasi
13%
IslandiaHeimir Hallgrímsson / Lars Lagerbäck
13%
IrlandiaMartin O’Neill
13%
Irlandia PółnocnaMichael O’Neill
13%
RumuniaAnghel Iordănescu
10%
SzwecjaErik Hamrén
10%
SłowacjaJán Kozák
10%
RosjaLeonid Słucki
10%
AustriaMarcel Koller
10%
CzechyPavel Vrba
10%
ChorwacjaAnte Čačić
6%
WęgryBernd Storck
6%
UkrainaMychajło Fomenko
6%

Rozkład punktacji

Percentyl według liczby udzielonych odpowiedzi

Procent ludzi z każdym wynikiem

Twoja historia wyników

Nie rozwiązałeś tego quizu